| 000 | 00000nam##2200000za#4500 |
| 001 | 9.647214 |
| 003 | CaOODSP |
| 005 | 20200330140616 |
| 007 | ta |
| 008 | 150407|1998||||xxc||||| f|0| 0 eng|d |
| 020 | |z0-662-27459-8 |
| 040 | |aCaOODSP|beng |
| 043 | |an-cn--- |
| 086 | 1 |aF2-130/1998E |
| 110 | 1 |aCanada.|bDepartment of Finance.|bMinister of Finance. |
| 245 | 10|aLegislative proposals and explanatory notes on taxpayer migration / |cIssued by the Minister of Finance. |
| 260 | |aOttawa - Ontario : |bFinance Canada. |c1998. |
| 300 | |a104p. ; |c23 cm. |
| 563 | |aSoftcover |
| 590 | |a99-02|b1999-01-15 |
| 690 | 07|aTaxation regulations|2gcpds |
| 690 | 07|aFiscal policy|2gcpds |
| 775 | 08|tPropositions législatives et notes explicatives concernant la migration des contribuables / |w(CaOODSP)9.680638 |
| 776 | 0#|tLegislative proposals and explanatory notes on taxpayer migration / |w(CaOODSP)9.698473 |